000 00703nam a2200229Ia 4500
003 OSt
005 20220923221848.0
006 a|||||r|||| 00| 0
007 ta
008 220922b |||||||| |||| 00| 0 hin d
024 _a200,579
037 _cTextual
040 _aARTS
_cARTS
_bhin
041 _2hin
_ahin
082 _aQ6:21:90Q2, 152F8.2
100 _aसन्तराम
_9156280
245 0 _aभारत में बाइबिल
246 _aBhārat mean bāibila
490 _aगगंा पुस्तकमाला ठटं दुलारे लाल
942 _hQ6:21:90Q2, 152F8.2
_cTEXL
_2CC
999 _c352251
_d352251